kku e-library facility

The Invertebrata: A Manual for the use of students (Record no. 184)

MARC details
000 -LEADER
fixed length control field 00462nam a2200133 4500
005 - DATE AND TIME OF LATEST TRANSACTION
control field 20260227113418.0
008 - FIXED-LENGTH DATA ELEMENTS--GENERAL INFORMATION
fixed length control field 260227b |||||||| |||| 00| 0 eng d
100 ## - MAIN ENTRY--PERSONAL NAME
Personal name Borradaile A. L Potts A. F, Eastham S. E. L, Saunders T. J
245 ## - TITLE STATEMENT
Title The Invertebrata: A Manual for the use of students
Statement of responsibility, etc. /L. A. Borradaile
250 ## - EDITION STATEMENT
Edition statement 3th Edition
260 ## - PUBLICATION, DISTRIBUTION, ETC.
Place of publication, distribution, etc. London;
Name of publisher, distributor, etc. The syndics of the cambridge university;
Date of publication, distribution, etc. 1958
300 ## - PHYSICAL DESCRIPTION
Extent xvii, 795p. ill;
Dimensions 22.6cm
942 ## - ADDED ENTRY ELEMENTS (KOHA)
Source of classification or shelving scheme Library of Congress Classification
Suppress in OPAC No
Koha item type Books

No items available.

©2025 All rights reserved. KKU